| 000 | 00401 a2200157 4500 | ||
|---|---|---|---|
| 003 | NUST | ||
| 005 | 20230712150638.0 | ||
| 040 | _cNust | ||
| 082 | _a891.4393,BAN | ||
| 100 |
_aQudsia, Bano _98994 |
||
| 245 |
_aNaqabil e Zikr /ناقابل ذکر (Urdu) / _cBano Qudsia |
||
| 260 |
_aLahore _bSang-e-Meel Pub _c1991 |
||
| 300 | _a696:p. | ||
| 650 | _aUrdu Literature | ||
| 942 |
_2ddc _cBK _k891.4393,QUD |
||
| 999 |
_c187935 _d187935 |
||